02092cam a22002895i 45000010009000000050017000090080041000260100017000670200018000840400028001020410008001300420008001380500024001461000037001702450098002072500017003052600055003223000040003775040067004175050398004845200700008825260053015826500024016356500040016596500063016997100040017622046325320241024141143.0180420s2018 nju 000 0 eng  a 2018942062 a9781634623759 aDLCbengerdacDLCdDLC aeng apcc aQA76.9.D3bS43 2018 aSebastian-Coleman, Lauraeauthor10aNavigating the labyrinthb: an executive guide to data managementc/ Laura Sebastian-Coleman. a1st edition. aBasking Ridge, NJ :bTechnics Publications,c2018. a 202 pages : illustrations ; 23 cm. aIncludes bibliographical references (pages 185-198) and index. aT︣︣he importance of managing data — Data management challenges — DAMA's data management principles — Data ethics — Data governance — Planning and designing in data lifecycle management — Enabling and maintaining data — Using and enhancing data — Data protection, privacy, security, and risk management — Metadata management — Data quality management — What to do now. aIf you are leading an organization or if you need to communicate with leaders about data management, Navigating the Labyrinth is your guide. Organizations that want to get value from their data need to manage that data well. But to most executives, data management seems obscure, complicated, and highly technical. You don't have time to learn all the detail or cut through the hype. Navigating the Labyrinth helps you get there. Based on best practices from DAMA's Data Management Body of Knowledge (DMBOK2), it explains the fundamentals and says why they are important. It focuses your attention on what you need to know to help your organization build trust in and get value out of its data. aMSc Digital Transformation & Business Innovation 0aDatabase management 0aInformation technology xManagement 0aBusiness enterprisesxComputer networksxSecurity measures aData Management Associationeeditor